00723nam a22002057a 4500010001300000035001300013037001800026040001200044082001500056100002900071245005300100260003800153270003200191300002100223650003900244650004500283942002400328999001900352952014600371 aA-221410 aA-221410 bCen Lib / Ret aDPLbEn a551.4bSTR aStrahler, Arthur Newell  aPhysical geography / cby Arthur Newell Strahler aNew YorkbJohn Wiley & Sonsc1975 aJohn Wiley & SonsbNew York a534 pc27cm(PBK) a Physical geography -- Textbooks.  aPhysical geography -- Textbooks -- 1945. 2ddccENh551.4mSTR c137108d137108 04104070aLbLd2016-03-17eCen Lib/Retl0o551.4 STRpA-221410r2016-03-17 00:00:00t1w2016-03-17yENzW/d List No. 8131/7; dtd 20.2.2017